000 00680nam a2200277Ia 4500
005 20250425162719.0
008 250425s9999 xx 000 0 und d
020 _a8432970654
041 _aspa
043 _asp
082 _a658.401
100 _aLEBEL, PIERRE
245 0 _aEL ARTE DE LA NEGOCIACION
250 _a1A ED
260 _aBARCELONA
260 _aEspaña
_bEDICIONES CEAC S.A.
_c1990
300 _a196
500 _aDONADO POR ANDRES SEGOVIA MAE 18
500 _aTítulo Traducido: L ART DE LA NEGOTIATION
650 _aCONCEPTOS BASICOS
650 _aEVALUACION
650 _aNEGOCIACION
710 _aCEAC
942 _c01
010 _a102188
999 _c234955
_d234955